Aplikácia kalkulačných metód v závislosti od typu podnikateľského procesu bakalárska práca

Saved in:
Bibliographic Details
Main Author: Mužlayová, Monika
Corporate Author: Fakulta hospodárskej informatiky EU. Katedra účtovníctva a audítorstva
Other Authors: Antalová, Renáta
Format: Book
Language:Slovak
Published: Bratislava 2019
Tags: Add Tag
No Tags, Be the first to tag this record!

MARC

LEADER 00000nbm a2200000 4500
001 0255939
005 20191219121518.8
041 0 |a slo 
044 |a SK 
245 1 0 |a Aplikácia kalkulačných metód v závislosti od typu podnikateľského procesu  |b bakalárska práca  |c Monika Mužlayová ; školiteľ: Renáta Antalová 
264 1 |a Bratislava  |c 2019 
300 |a 39 s. 
100 1 |a Mužlayová, Monika 
700 1 |a Antalová, Renáta 
710 2 |a Fakulta hospodárskej informatiky EU. Katedra účtovníctva a audítorstva